中国地铁标志测试 - Statistics

General Stats
  • This quiz has been taken 17 times
  • The average score is 8 of 10
Answer Stats
Question Answer % Correct
以下哪一个是合肥地铁的标志
100%
以下哪一个是台州轨道交通的标志
100%
以下哪一个是杭州地铁的标志
94%
以下哪一个是郑州地铁的标志
88%
以下哪个是芜湖轨道交通的标志
81%
以下哪一个是大连地铁的标志
81%
以下哪一个是乌鲁木齐地铁的标志
69%
以下哪一个是苏州轨道交通的标志
63%
以下哪一个是绍兴轨道交通的标志
56%
以下哪一个是温州轨道交通的标志
56%
No matching quizzes found
Score Distribution
Percent of People with Each Score
Percentile by Number Answered
Your Score History
You have not taken this quiz